00843 2200301 4500001002100000005001700021008004100038020001800079035002400097082001000121090002000131100001700151245010500168250001100273260004200284300002700326500002900353650002100382700001500403850001500418980001500433985000600448999001500454999001500469990001900484990001900503990001900522YOGYA-0209000003559320090227025028.0 ind  a979-461-358-4 0010-020900000035593 a155.5 a155.5bSam PlT aSamil H. Ali aPanduan praktis bagi orang tua mendampingibremaja meraih suksescAli Samil H. ; editor, A.R. Loebis aCet. 1 aJakartabYayasan Obor Indonesiac2000 ax, 78 hlmbilusc17 cm aBibliografi : hlm. 76-77 aPsikologi remaja aLubis, A.R aYOPDYOG(B) a04-10-2006 a2 a02P0002687 a02P0002688 a2687-BPAF/P.02 a2687-BPAD/P.02 a2688-BPAD/P.02